The burning / (Record no. 7396)

MARC details
000 -LEADER
fixed length control field 01597nam a22003017a 4500
001 - CONTROL NUMBER
control field 7396
003 - CONTROL NUMBER IDENTIFIER
control field FISKH
005 - DATE AND TIME OF LATEST TRANSACTION
control field 20250711152636.0
008 - FIXED-LENGTH DATA ELEMENTS--GENERAL INFORMATION
fixed length control field 250711b cb ||||| |||| 00| 0 eng d
020 ## - INTERNATIONAL STANDARD BOOK NUMBER
International Standard Book Number 9780439405621
040 ## - CATALOGING SOURCE
Original cataloging agency FISKH
Language of cataloging eng
Transcribing agency FISKH
Modifying agency FISKH
050 ## - LIBRARY OF CONGRESS CALL NUMBER
Classification number PZ7.L3274 B
082 ## - DEWEY DECIMAL CLASSIFICATION NUMBER
Classification number 813.54
100 ## - MAIN ENTRY--PERSONAL NAME
Personal name Lasky, Kathryn
245 ## - TITLE STATEMENT
Title The burning /
Statement of responsibility, etc. By Kathryn Lasky
250 ## - EDITION STATEMENT
Edition statement First printing, November 2004
260 ## - PUBLICATION, DISTRIBUTION, ETC.
Place of publication, distribution, etc. New York :
Name of publisher, distributor, etc. Scholastic ,
Date of publication, distribution, etc. 2004.
300 ## - PHYSICAL DESCRIPTION
Extent 209 pages :
Other physical details illustrations , maps ;
Dimensions 20 cm .
490 ## - SERIES STATEMENT
Series statement Guardians of Ga'hoole
Volume/sequential designation Book 6
505 ## - FORMATTED CONTENTS NOTE
Formatted contents note S <br/>
520 ## - SUMMARY, ETC.
Summary, etc. Fantasy. Juvenile Fiction. HTML:Soren and his band are sent to the mysterious Northern Kingdoms to gather allies and learn the art of war in preparation for the coming cataclysmic battle against the sinister Pure Ones. Meanwhile, in the Southern Kingdoms, St. Aggies has fallen to the Pure Ones and they are using its resources to plan a final invasion of The Great Ga'Hoole Tree. With the future of all Owldom in the balance, the parliament of Ga'Hoole must decide whether or not to join forces with the brutal Skench and Spoorn and the scattered remnants of St. Aggies who remain faithful to them. The coming conflagration will demand wisdom, bravery, and sacrifice from all the owls of the great tree, and from Soren and the band, nothing less than heroism.<br/>
521 8# - TARGET AUDIENCE NOTE
Target audience note 800 <br/>
Source Lexile <br/>
521 8# - TARGET AUDIENCE NOTE
Target audience note S <br/>
Source Raz-Plus <br/>
650 ## - SUBJECT ADDED ENTRY--TOPICAL TERM
Topical term or geographic name entry element Guardians of Ga'hoole
Form subdivision Juvenile Fiction
700 ## - ADDED ENTRY--PERSONAL NAME
Personal name Cowdrey, Richard
Relator term Illustrator
942 ## - ADDED ENTRY ELEMENTS (KOHA)
Source of classification or shelving scheme Dewey Decimal Classification
Koha item type Books
Suppress in OPAC No
Holdings
Withdrawn status Lost status Source of classification or shelving scheme Damaged status Not for loan Collection Home library Current library Shelving location Date acquired Total Checkouts Full call number Barcode Date last seen Price effective from Koha item type
    Dewey Decimal Classification     Fiction Footprints International School Library Network Toul Tom Poung Campus Footprints International School Library Network Toul Tom Poung Campus TTP Secondary Fiction Bookshelves 07/11/2025   LAS 813.54 PZ7.L3274 B 2025-1833 07/11/2025 07/11/2025 Books